Report of the Assam Finance Commission, 1996-2001 (Record no. 483827)

000 -LEADER
fixed length control field 00434cam a22001457a 4500
008 - FIXED-LENGTH DATA ELEMENTS--GENERAL INFORMATION
fixed length control field 180718b1996 xxu||||| |||| 00| 0 eng d
082 ## - DEWEY DECIMAL CLASSIFICATION NUMBER
Classification number Lx5411 F/1996-2001
100 ## - MAIN ENTRY--PERSONAL NAME
Personal name Assam. Finance Commission
245 ## - TITLE STATEMENT
Title Report of the Assam Finance Commission, 1996-2001
260 ## - PUBLICATION, DISTRIBUTION, ETC.
Place of publication, distribution, etc. Guwahati
Name of publisher, distributor, etc. The author
Date of publication, distribution, etc. 1996
300 ## - PHYSICAL DESCRIPTION
Extent v.p.
500 ## - GENERAL NOTE
General note Chairman: M.M. Taimur
650 ## - SUBJECT ADDED ENTRY--TOPICAL TERM
Topical term or geographic name entry element Finance - India - Assam
700 ## - ADDED ENTRY--PERSONAL NAME
Personal name Taimur, M.M. (Chairman)
Holdings
Withdrawn status Lost status Damaged status Not for loan Permanent Location Current Location Date acquired Full call number Barcode Date last seen Price effective from Koha item type
        Indian Institute of Public Administration Indian Institute of Public Administration 2018-08-04 Lx5411 F/1996-2001 GG25713 2018-08-04 2018-08-04 GG
        Indian Institute of Public Administration Indian Institute of Public Administration 2018-08-04 Lx5411 F/1996-2001 GG22400 2018-08-04 2018-08-04 GG

Powered by Koha